Computer- Aided Design in Power Engineering Application of Software Tools /

This textbooks demonstrates the application of software tools in solving a series of problems from the field of designing power system structures and systems. It contains four chapters: The first chapter leads the reader through all the phases necessary in the procedures of computer aided modeling a...

Πλήρης περιγραφή

Λεπτομέρειες βιβλιογραφικής εγγραφής
Κύριος συγγραφέας: Stojkovic, Zlatan (Συγγραφέας)
Συγγραφή απο Οργανισμό/Αρχή: SpringerLink (Online service)
Μορφή: Ηλεκτρονική πηγή Ηλ. βιβλίο
Γλώσσα:English
Έκδοση: Berlin, Heidelberg : Springer Berlin Heidelberg : Imprint: Springer, 2012.
Θέματα:
Διαθέσιμο Online:Full Text via HEAL-Link
LEADER 02887nam a22004455i 4500
001 978-3-642-30206-0
003 DE-He213
005 20151125191604.0
007 cr nn 008mamaa
008 121116s2012 gw | s |||| 0|eng d
020 |a 9783642302060  |9 978-3-642-30206-0 
024 7 |a 10.1007/978-3-642-30206-0  |2 doi 
040 |d GrThAP 
050 4 |a TK7881.15 
072 7 |a THRD  |2 bicssc 
072 7 |a THRM  |2 bicssc 
072 7 |a TEC046000  |2 bisacsh 
082 0 4 |a 621.317  |2 23 
100 1 |a Stojkovic, Zlatan.  |e author. 
245 1 0 |a Computer- Aided Design in Power Engineering  |h [electronic resource] :  |b Application of Software Tools /  |c by Zlatan Stojkovic. 
264 1 |a Berlin, Heidelberg :  |b Springer Berlin Heidelberg :  |b Imprint: Springer,  |c 2012. 
300 |a XVIII, 418 p.  |b online resource. 
336 |a text  |b txt  |2 rdacontent 
337 |a computer  |b c  |2 rdamedia 
338 |a online resource  |b cr  |2 rdacarrier 
347 |a text file  |b PDF  |2 rda 
505 0 |a Computer Aided Modeling and Simulation -- Application of Software Tools in Power System Calculations -- Application of Software Tools in the Development of Graphical Documentation -- Application of Software Tools in Project Management in Power Systems. 
520 |a This textbooks demonstrates the application of software tools in solving a series of problems from the field of designing power system structures and systems. It contains four chapters: The first chapter leads the reader through all the phases necessary in the procedures of computer aided modeling and simulation. It guides through the complex problems presenting on the basis of eleven original examples. The second chapter presents  application of software tools in power system calculations of power systems equipment design. Several design example calculations are carried out using engineering standards like MATLAB, EMTP/ATP, Excel & Access, AutoCAD and Simulink. The third chapters focuses on the graphical documentation using a collection of software tools (AutoCAD, EPLAN, SIMARIS SIVACON, SIMARIS DESIGN) which enable the complete automation of the development of graphical documentation of a power systems. In the fourth chapter, the application of software tools in the project management in power systems is discussed. Here, the emphasis is put on the standard software MS Excel and MS Project. 
650 0 |a Engineering. 
650 0 |a Computer-aided engineering. 
650 0 |a Power electronics. 
650 1 4 |a Engineering. 
650 2 4 |a Power Electronics, Electrical Machines and Networks. 
650 2 4 |a Computer-Aided Engineering (CAD, CAE) and Design. 
710 2 |a SpringerLink (Online service) 
773 0 |t Springer eBooks 
776 0 8 |i Printed edition:  |z 9783642302053 
856 4 0 |u http://dx.doi.org/10.1007/978-3-642-30206-0  |z Full Text via HEAL-Link 
912 |a ZDB-2-ENG 
950 |a Engineering (Springer-11647)